[Event "4NCL/Div1/NWE1 vs. BAR1"]
[Site "Coventry ENG"]
[Date "2006.11.12"]
[Round "4.8"]
[White "Lauterbach, Ingrid"]
[Black "Milligan, Helen"]
[Result "1-0"]
[WhiteElo "2119"]
[BlackElo "2037"]
[PlyCount "87"]
[EventDate "2006.11.12"]
[EventType "team"]
[EventRounds "11"]
[EventCountry "ENG"]
[WhiteTeam "Barbican 4NCL 1"]
[BlackTeam "N W Eagles 1"]

1. d4 Nf6 2. c4 e6 3. Nf3 b6 4. a3 Bb7 5. Nc3 d5 6. Qc2 Be7 7. cxd5 Nxd5 8. e4
Nxc3 9. bxc3 c5 10. Bb5+ Bc6 11. Qa4 Qd7 12. Bxc6 Nxc6 13. Be3 Ne5 14. Qxd7+
Nxd7 15. d5 exd5 16. exd5 Bf6 17. Rc1 Ne5 18. Nxe5 Bxe5 19. Ke2 Kd7 20. f4 Bf6
21. g4 g6 22. a4 Rae8 23. Kf3 h5 24. g5 Bd8 25. a5 Re7 26. axb6 axb6 27. c4
Rhe8 28. Rhe1 Kd6 29. Rc3 Bc7 30. Ra1 Kd7 31. Ra7 Re4 32. f5 Kd8 33. Rd3 Bb8
34. Rb7 Kc8 35. Rxb6 gxf5 36. d6 Kd7 37. Rb7+ Kc6 38. Rxf7 Bxd6 39. g6 R4e6 40.
g7 Rg8 41. Ra3 Re7 42. Rf6 Kd7 43. Ra7+ Bc7 44. Bf4 1-0

[Event "4NCL/Div1/HKF1 vs. BAR1"]
[Site "Coventry ENG"]
[Date "2007.01.14"]
[Round "6.2"]
[White "Knott, Simon"]
[Black "Gormally, Daniel W"]
[Result "1/2-1/2"]
[WhiteElo "2372"]
[BlackElo "2535"]
[PlyCount "32"]
[EventDate "2007.01.14"]
[EventType "team"]
[EventRounds "11"]
[EventCountry "ENG"]
[WhiteTeam "Barbican 4NCL 1"]
[BlackTeam "H Kingfisher 1"]

1. Nf3 Nf6 2. c4 e6 3. Nc3 Bb4 4. Qc2 O-O 5. a3 Bxc3 6. Qxc3 b6 7. b4 Bb7 8.
Bb2 d6 9. g3 Nbd7 10. Bg2 Ne5 11. O-O Nxf3+ 12. Bxf3 Bxf3 13. Qxf3 e5 14. d3
Qd7 15. e4 b5 16. d4 exd4 1/2-1/2

[Event "4NCL/Div1/HKF1 vs. BAR1"]
[Site "Coventry ENG"]
[Date "2007.01.14"]
[Round "6.3"]
[White "Wells, Peter K"]
[Black "Collins, Sam"]
[Result "1-0"]
[WhiteElo "2501"]
[BlackElo "2398"]
[PlyCount "79"]
[EventDate "2007.01.14"]
[EventType "team"]
[EventRounds "11"]
[EventCountry "ENG"]
[WhiteTeam "H Kingfisher 1"]
[BlackTeam "Barbican 4NCL 1"]

1. d4 Nf6 2. Nf3 e6 3. c4 b6 4. g3 Ba6 5. b3 Bb4+ 6. Bd2 Bxd2+ 7. Qxd2 Bb7 8.
Bg2 O-O 9. O-O d6 10. Rd1 Nbd7 11. Qc2 Be4 12. Qb2 Qe7 13. Nc3 Bb7 14. d5 e5
15. b4 Ng4 16. e4 g6 17. Qe2 a6 18. Bh3 h5 19. Nh4 Qg5 20. f3 Ngf6 21. Ng2 Kg7
22. Rf1 Qh6 23. f4 Rae8 24. Nh4 Bc8 25. Kh1 Re7 26. Rae1 Rfe8 27. Bxd7 Bxd7 28.
fxe5 dxe5 29. Kg2 Qg5 30. c5 b5 31. h3 Rf8 32. c6 Bc8 33. Qf2 Ne8 34. Nf3 Qh6
35. d6 cxd6 36. Nd5 Re6 37. h4 Nf6 38. Ng5 Ng4 39. Qa7 Kg8 40. Rxf7 1-0

[Event "4NCL/Div1/HKF1 vs. BAR1"]
[Site "Coventry ENG"]
[Date "2007.01.14"]
[Round "6.4"]
[White "Ferguson, Mark"]
[Black "Greet, Andrew N"]
[Result "1-0"]
[WhiteElo "2403"]
[BlackElo "2425"]
[PlyCount "133"]
[EventDate "2007.01.14"]
[EventType "team"]
[EventRounds "11"]
[EventCountry "ENG"]
[WhiteTeam "Barbican 4NCL 1"]
[BlackTeam "H Kingfisher 1"]

1. e4 e5 2. Nf3 Nc6 3. Bb5 a6 4. Bxc6 dxc6 5. O-O Bd6 6. d4 exd4 7. Qxd4 f6 8.
Be3 Ne7 9. Nbd2 Be6 10. Qc3 Ng6 11. Nd4 Qe7 12. Nxe6 Qxe6 13. Qb3 Qxb3 14. axb3
O-O-O 15. Nc4 Rhe8 16. f3 Bb4 17. Rfd1 Rxd1+ 18. Rxd1 b5 19. Nd2 Bd6 20. Nf1
Nf8 21. Kf2 Ne6 22. Ng3 Rd8 23. Rd2 Bxg3+ 24. hxg3 Rxd2+ 25. Bxd2 Nd4 26. Ke3
Nxc2+ 27. Kd3 Na1 28. Kc3 a5 29. g4 g6 30. Be1 Kd7 31. Bh4 g5 32. Bf2 Ke6 33.
Bg3 Kd7 34. Bf2 Kd6 35. b4 a4 36. Bg3+ Ke6 37. Bxc7 Nb3 38. Bb6 Nc1 39. Kd2
Nb3+ 40. Kc3 Kd7 41. Be3 Ke6 42. g3 Kd6 43. f4 c5 44. fxg5 fxg5 45. Bxg5 cxb4+
46. Kxb4 Kc6 47. Be3 Na1 48. Bf2 Nc2+ 49. Kc3 a3 50. Kb3 b4 51. bxa3 Nxa3 52.
Kxb4 Nb5 53. e5 Nc7 54. Kc4 Kd7 55. Bb6 Ne6 56. Kd5 Ke7 57. Ke4 Kf7 58. Kf5 Nf8
59. Bd8 Ne6 60. Bf6 Nc5 61. Bg5 Ne6 62. Be3 Nd8 63. Bd4 Ne6 64. Bb2 h6 65. Bc1
Ng7+ 66. Ke4 h5 67. Bh6 1-0

[Event "4NCL/Div1/HKF1 vs. BAR1"]
[Site "Coventry ENG"]
[Date "2007.01.14"]
[Round "6.5"]
[White "Trent, Lawrence"]
[Black "Devereaux, Maxim"]
[Result "1-0"]
[WhiteElo "2456"]
[BlackElo "2367"]
[PlyCount "89"]
[EventDate "2007.01.14"]
[EventType "team"]
[EventRounds "11"]
[EventCountry "ENG"]
[WhiteTeam "H Kingfisher 1"]
[BlackTeam "Barbican 4NCL 1"]

1. e4 c5 2. Nf3 Nc6 3. Nc3 e5 4. Bc4 Be7 5. d3 d6 6. Nd2 Bg5 7. h4 Bxd2+ 8.
Bxd2 Nf6 9. Bg5 Be6 10. Nd5 Bxd5 11. exd5 Nb8 12. Bb5+ Kf8 13. O-O a6 14. Ba4
b5 15. Bb3 Nbd7 16. a4 h6 17. Be3 Kg8 18. c3 Kh7 19. Qf3 Re8 20. Bc2 Kg8 21.
Rfe1 Rb8 22. axb5 axb5 23. Bd2 Ra8 24. Qf5 Rxa1 25. Rxa1 Qb6 26. g4 Qb7 27. g5
g6 28. Qh3 hxg5 29. hxg5 Nxd5 30. Re1 N7b6 31. Re4 Kf8 32. c4 bxc4 33. dxc4 Nb4
34. Bxb4 cxb4 35. Qh8+ Ke7 36. Qf6+ Kd7 37. Qxf7+ Re7 38. Qxg6 Qa7 39. Re1 Kc7
40. c5 Nc8 41. Bf5 Qxc5 42. Qf6 d5 43. g6 Qd6 44. Rc1+ Kb6 45. Qg5 1-0

[Event "4NCL/Div1/HKF1 vs. BAR1"]
[Site "Coventry ENG"]
[Date "2007.01.14"]
[Round "6.6"]
[White "Cox, John J"]
[Black "Houska, Jovanka"]
[Result "1-0"]
[WhiteElo "2404"]
[BlackElo "2384"]
[PlyCount "67"]
[EventDate "2007.01.14"]
[EventType "team"]
[EventRounds "11"]
[EventCountry "ENG"]
[WhiteTeam "Barbican 4NCL 1"]
[BlackTeam "H Kingfisher 1"]

1. d4 d5 2. c4 c6 3. Nf3 Nf6 4. Nc3 e6 5. Bg5 Be7 6. e3 h6 7. Bh4 O-O 8. Qc2
Nbd7 9. Rd1 b6 10. Bd3 Bb7 11. O-O Rc8 12. e4 dxc4 13. Bxc4 b5 14. Bd3 b4 15.
Na4 c5 16. dxc5 Qa5 17. b3 Nxc5 18. Nxc5 Rxc5 19. Qb1 Ba6 20. Bxa6 Qxa6 21. e5
Nd5 22. Rxd5 Rxd5 23. Bxe7 Rb8 24. Bd6 Rb6 25. Rc1 f5 26. h4 Qe2 27. Qc2 Qxc2
28. Rxc2 Rd1+ 29. Kh2 Rb7 30. h5 g5 31. hxg6 Kg7 32. Nh4 h5 33. Rc8 Kh6 34. f4
1-0

[Event "4NCL/Div1/HKF1 vs. BAR1"]
[Site "Coventry ENG"]
[Date "2007.01.14"]
[Round "6.8"]
[White "Lauterbach, Ingrid"]
[Black "Crouch, Colin"]
[Result "1/2-1/2"]
[WhiteElo "2130"]
[BlackElo "2366"]
[PlyCount "102"]
[EventDate "2007.01.14"]
[EventType "team"]
[EventRounds "11"]
[EventCountry "ENG"]
[WhiteTeam "Barbican 4NCL 1"]
[BlackTeam "H Kingfisher 1"]

1. e4 c5 2. Nf3 e6 3. d3 Nc6 4. g3 d5 5. Nbd2 Bd6 6. Bg2 Nge7 7. O-O O-O 8. c3
a5 9. a4 b6 10. Re1 Ba6 11. Qc2 Ng6 12. exd5 exd5 13. Nb3 Rc8 14. Bg5 Qd7 15.
d4 c4 16. Nc1 Rce8 17. Ne2 Nd8 18. h4 h6 19. Bd2 Bb7 20. h5 Nh8 21. Bf4 Ne6 22.
Bxd6 Qxd6 23. Ne5 Re7 24. Qd2 Rfe8 25. Kf1 f6 26. Ng4 Ng5 27. Qf4 Qd7 28. Ne3
Ne4 29. Nf5 Nd2+ 30. Qxd2 Qxf5 31. Nf4 g5 32. hxg6 Nxg6 33. Nxg6 Qxg6 34. Rxe7
Rxe7 35. Re1 Rxe1+ 36. Qxe1 Kf7 37. Bf3 Qf5 38. Qe2 Qe6 39. Qd2 Qf5 40. Qe2 Bc6
41. Bg4 Qb1+ 42. Kg2 Qe4+ 43. Qxe4 dxe4 44. Be2 Bd5 45. Kh3 f5 46. Kh4 Kg6 47.
Bh5+ Kf6 48. Be8 Ke7 49. Bg6 Kf6 50. Be8 Ke7 51. Bg6 Kf6 1/2-1/2

[Event "4NCL/Div1/GUI2 vs. 3CS1"]
[Site "Coventry ENG"]
[Date "2007.01.14"]
[Round "6.1"]
[White "Howell, David W L"]
[Black "Davies, Nigel R"]
[Result "1/2-1/2"]
[WhiteElo "2501"]
[BlackElo "2503"]
[PlyCount "65"]
[EventDate "2007.01.14"]
[EventType "team"]
[EventRounds "11"]
[EventCountry "ENG"]
[WhiteTeam "Guildford-ADC 2"]
[BlackTeam "3Cs Oldham"]

1. e4 e5 2. Nf3 Nc6 3. Bb5 a6 4. Ba4 Nf6 5. O-O Be7 6. Re1 b5 7. Bb3 d6 8. c3
O-O 9. h3 Be6 10. d4 Bxb3 11. Qxb3 Qb8 12. Nbd2 Re8 13. d5 Nd8 14. Nf1 c6 15.
Bg5 cxd5 16. Bxf6 Bxf6 17. Qxd5 Ne6 18. b4 Nf4 19. Qb3 Qb7 20. N3d2 Bd8 21. Ne3
Bb6 22. Nd5 Nxd5 23. Qxd5 Qxd5 24. exd5 f5 25. Kf1 e4 26. Nb3 Re5 27. Red1 f4
28. Nd4 Bxd4 29. Rxd4 g5 30. Re1 Rae8 31. Ra1 Ra8 32. Re1 Rae8 33. Ra1 1/2-1/2

[Event "4NCL/Div1/GUI2 vs. 3CS1"]
[Site "Coventry ENG"]
[Date "2007.01.14"]
[Round "6.2"]
[White "Gordon, Stephen J"]
[Black "Cherniaev, Alexander"]
[Result "1/2-1/2"]
[WhiteElo "2486"]
[BlackElo "2473"]
[PlyCount "70"]
[EventDate "2007.01.14"]
[EventType "team"]
[EventRounds "11"]
[EventCountry "ENG"]
[WhiteTeam "3Cs Oldham"]
[BlackTeam "Guildford-ADC 2"]

1. d4 d6 2. Nf3 Nf6 3. c4 g6 4. Nc3 Bg7 5. e4 O-O 6. Be2 e5 7. Be3 Na6 8. O-O
c6 9. d5 Ng4 10. Bg5 f6 11. Bh4 h5 12. Ne1 Nh6 13. f3 Nf7 14. Nd3 Bh6 15. Bf2
c5 16. Rb1 f5 17. b4 b6 18. a4 fxe4 19. fxe4 Nc7 20. a5 Ne8 21. Ra1 Bd7 22. Kh1
Kg7 23. g4 hxg4 24. axb6 axb6 25. Rxa8 Qxa8 26. bxc5 bxc5 27. Bxg4 Bxg4 28.
Qxg4 Qa3 29. Be1 Qb3 30. Rg1 Bg5 31. Nf2 Rh8 32. Nh3 Nf6 33. Qf3 Qc2 34. Rg2
Qc1 35. Rg1 Qc2 1/2-1/2

[Event "4NCL/Div1/GUI2 vs. 3CS1"]
[Site "Coventry ENG"]
[Date "2007.01.14"]
[Round "6.4"]
[White "Arakhamia-Grant, Ketevan"]
[Black "Plaskett, James"]
[Result "0-1"]
[WhiteElo "2437"]
[BlackElo "2492"]
[PlyCount "60"]
[EventDate "2007.01.14"]
[EventType "team"]
[EventRounds "11"]
[EventCountry "ENG"]
[WhiteTeam "3Cs Oldham"]
[BlackTeam "Guildford-ADC 2"]

1. e4 c5 2. Nf3 e6 3. d4 cxd4 4. Nxd4 Nf6 5. Nc3 d6 6. Be2 Be7 7. O-O O-O 8. f4
a6 9. a4 Qc7 10. Kh1 Nc6 11. Be3 Re8 12. Bf3 Bd7 13. Nb3 b6 14. g4 Bc8 15. g5
Nd7 16. Bg2 Bf8 17. Rf3 g6 18. Rh3 Bg7 19. Bg1 Nc5 20. Nd2 Bb7 21. Qg4 f5 22.
exf5 exf5 23. Qh4 Bxc3 24. Rxc3 Nb4 25. Re1 Bxg2+ 26. Kxg2 Qb7+ 27. Kf1 Qd5 28.
Qf2 Nxc2 29. Rb1 Nxa4 30. Rh3 Qb5+ 0-1

[Event "4NCL/Div1/GUI2 vs. 3CS1"]
[Site "Coventry ENG"]
[Date "2007.01.14"]
[Round "6.5"]
[White "Wallace, John P"]
[Black "Ashton, Adam G"]
[Result "1/2-1/2"]
[WhiteElo "2417"]
[BlackElo "2290"]
[PlyCount "63"]
[EventDate "2007.01.14"]
[EventType "team"]
[EventRounds "11"]
[EventCountry "ENG"]
[WhiteTeam "Guildford-ADC 2"]
[BlackTeam "3Cs Oldham"]

1. d4 d5 2. c4 e6 3. Nc3 c6 4. e4 dxe4 5. Nxe4 Bb4+ 6. Bd2 Qxd4 7. Bxb4 Qxe4+
8. Be2 Na6 9. Bc3 f6 10. Qd6 Ne7 11. O-O-O Kf7 12. Bd3 Qxg2 13. Ne2 Qg5+ 14.
Kb1 Qc5 15. Qg3 e5 16. Rhg1 g6 17. Qf3 Nf5 18. Ng3 Nxg3 19. Qxg3 g5 20. f4 exf4
21. Qf3 h5 22. h4 Bg4 23. Rxg4 hxg4 24. Qxg4 Rxh4 25. Qd7+ Qe7 26. Bg6+ Kf8 27.
Qf5 Kg8 28. Rd7 Rh1+ 29. Kc2 Rh2+ 30. Kb1 Rh1+ 31. Kc2 Rh2+ 32. Kb1 1/2-1/2

[Event "4NCL/Div1/GUI2 vs. 3CS1"]
[Site "Coventry ENG"]
[Date "2007.01.14"]
[Round "6.7"]
[White "Povah, Nigel E"]
[Black "Bentley, John L"]
[Result "1-0"]
[WhiteElo "2350"]
[BlackElo "2241"]
[PlyCount "81"]
[EventDate "2007.01.14"]
[EventType "team"]
[EventRounds "11"]
[EventCountry "ENG"]
[WhiteTeam "Guildford-ADC 2"]
[BlackTeam "3Cs Oldham"]

1. d4 c5 2. d5 Nf6 3. Bg5 Qb6 4. Nc3 h6 5. Bd2 g6 6. e4 d6 7. f4 Nbd7 8. Nf3
Bg7 9. e5 dxe5 10. fxe5 Ng4 11. Na4 Qc7 12. e6 fxe6 13. dxe6 Nde5 14. Bb5+ Kf8
15. O-O Kg8 16. Nxe5 Nxe5 17. Bf4 Bxe6 18. Qe2 a6 19. Bd3 Qd6 20. Bxe5 Qxe5 21.
Qxe5 Bxe5 22. Rae1 Bd4+ 23. Kh1 Bf7 24. Rxe7 Rh7 25. c3 Bh8 26. Rexf7 Rxf7 27.
Bc4 Raf8 28. Nxc5 b6 29. Nxa6 Be5 30. Nb4 Kg7 31. Rxf7+ Rxf7 32. Bxf7 Kxf7 33.
Kg1 Ke6 34. Kf2 h5 35. h3 Kf5 36. Ke3 Bd6 37. a4 Bc5+ 38. Kf3 Be7 39. g4+ Kg5
40. Nd5 Bd8 41. Kg3 1-0

[Event "4NCL/Div1/GUI2 vs. 3CS1"]
[Site "Coventry ENG"]
[Date "2007.01.14"]
[Round "6.8"]
[White "James, Dale R"]
[Black "Lalic, Susan"]
[Result "1/2-1/2"]
[WhiteElo "2160"]
[BlackElo "2348"]
[PlyCount "75"]
[EventDate "2007.01.14"]
[EventType "team"]
[EventRounds "11"]
[EventCountry "ENG"]
[WhiteTeam "3Cs Oldham"]
[BlackTeam "Guildford-ADC 2"]

1. e4 d5 2. exd5 Nf6 3. d4 Bg4 4. Bb5+ Nbd7 5. f3 Bf5 6. c4 e6 7. dxe6 Bxe6 8.
d5 Bf5 9. Nc3 Bb4 10. Qe2+ Qe7 11. Qxe7+ Kxe7 12. g4 Nxg4 13. fxg4 Be4 14. Bd2
Bxh1 15. a3 Bd6 16. Kf2 Ne5 17. Nh3 Bf3 18. c5 Bxc5+ 19. Kg3 Bxg4 20. Re1 Bd6
21. Bf4 Bxh3 22. Bxe5 Bxe5+ 23. Rxe5+ Kf6 24. Kf4 g6 25. Ne4+ Kg7 26. Re7 Bg2
27. Rxc7 Rhd8 28. Bd7 Bxe4 29. Kxe4 Kf6 30. b4 a5 31. b5 b6 32. d6 Rxd7 33.
Rxd7 Ke6 34. Rb7 Kxd6 35. Kd4 Rd8 36. Kc4 Rc8+ 37. Kd4 Rd8 38. Kc4 1/2-1/2

[Event "4NCL/Div1/WGR vs. GUI1"]
[Site "Coventry ENG"]
[Date "2007.01.14"]
[Round "6.1"]
[White "Cramling, Pia"]
[Black "Rowson, Jonathan"]
[Result "1/2-1/2"]
[WhiteElo "2530"]
[BlackElo "2592"]
[PlyCount "38"]
[EventDate "2007.01.14"]
[EventType "team"]
[EventRounds "11"]
[EventCountry "ENG"]
[WhiteTeam "Wood Green"]
[BlackTeam "Guildford-ADC 1"]

1. d4 Nf6 2. c4 e6 3. Nf3 b6 4. g3 Ba6 5. Nbd2 Bb4 6. Qa4 Qe7 7. a3 Bxd2+ 8.
Bxd2 O-O 9. Bg2 Bb7 10. O-O a5 11. Rac1 Bc6 12. Qc2 Be4 13. Qa4 Bc6 14. Qc2 Be4
15. Qa4 h6 16. Rfd1 Bc6 17. Qc2 Rc8 18. Bc3 Be4 19. Qa4 Bc6 1/2-1/2

[Event "4NCL/Div1/WGR vs. GUI1"]
[Site "Coventry ENG"]
[Date "2007.01.14"]
[Round "6.2"]
[White "Hebden, Mark L"]
[Black "Turner, Matthew J"]
[Result "1-0"]
[WhiteElo "2540"]
[BlackElo "2490"]
[PlyCount "65"]
[EventDate "2007.01.14"]
[EventType "team"]
[EventRounds "11"]
[EventCountry "ENG"]
[WhiteTeam "Guildford-ADC 1"]
[BlackTeam "Wood Green"]

1. d4 Nf6 2. Nf3 g6 3. Nc3 d5 4. Bf4 Bg7 5. Qd2 Ne4 6. Nxe4 dxe4 7. Ne5 Nc6 8.
Nxc6 bxc6 9. e3 c5 10. Qa5 Qd5 11. Bxc7 O-O 12. Be2 Be6 13. Bg3 Qb7 14. Qxc5
Qxb2 15. O-O Rfc8 16. Qxe7 Rxc2 17. Ba6 Bd5 18. Rab1 Qxa2 19. Bb7 Bf8 20. Qe5
Bxb7 21. Rxb7 Qe6 22. Qa5 Ra2 23. Qb5 a6 24. Qb1 Rc8 25. h3 Rac2 26. Ra7 Qc4
27. Kh2 Bb4 28. Rd1 a5 29. d5 Qe2 30. d6 Rd8 31. d7 h5 32. Rc7 Rc4 33. Bh4 1-0

[Event "4NCL/Div1/WGR vs. GUI1"]
[Site "Coventry ENG"]
[Date "2007.01.14"]
[Round "6.3"]
[White "Martin, Andrew D"]
[Black "Pert, Nicholas"]
[Result "1/2-1/2"]
[WhiteElo "2427"]
[BlackElo "2518"]
[PlyCount "50"]
[EventDate "2007.01.14"]
[EventType "team"]
[EventRounds "11"]
[EventCountry "ENG"]
[WhiteTeam "Wood Green"]
[BlackTeam "Guildford-ADC 1"]

1. g3 d5 2. Bg2 Nf6 3. Nf3 c6 4. O-O Bf5 5. d3 h6 6. c4 e6 7. Be3 dxc4 8. dxc4
Qxd1 9. Rxd1 Nbd7 10. Nc3 Be7 11. Bf4 Bh7 12. Ne5 Rd8 13. Nxd7 Rxd7 14. Rxd7
Kxd7 15. Rd1+ Kc8 16. Bd6 Bxd6 17. Rxd6 Rd8 18. Rxd8+ Kxd8 19. Kf1 Kc7 20. Ke1
Nd7 21. Kd2 a5 22. Nd1 Nc5 23. b3 b5 24. cxb5 cxb5 25. Kc3 Kb6 1/2-1/2

[Event "4NCL/Div1/WGR vs. GUI1"]
[Site "Coventry ENG"]
[Date "2007.01.14"]
[Round "6.4"]
[White "Conquest, Stuart C"]
[Black "Sowray, Peter J"]
[Result "1-0"]
[WhiteElo "2536"]
[BlackElo "2325"]
[PlyCount "87"]
[EventDate "2007.01.14"]
[EventType "team"]
[EventRounds "11"]
[EventCountry "ENG"]
[WhiteTeam "Guildford-ADC 1"]
[BlackTeam "Wood Green"]

1. e4 e5 2. Nf3 Nc6 3. Bb5 Nf6 4. d3 Bc5 5. c3 O-O 6. Nbd2 Re8 7. O-O h6 8. Nc4
a6 9. Bxc6 bxc6 10. Ncxe5 d5 11. Qa4 Qd6 12. exd5 cxd5 13. Bf4 Qb6 14. Rae1 Bf5
15. Qc2 a5 16. h3 Bd6 17. Qd2 Bh7 18. Re2 c5 19. Rfe1 Qc7 20. Bh2 Re6 21. Ng4
Nxg4 22. Bxd6 Qxd6 23. Rxe6 fxe6 24. hxg4 Rf8 25. Ne5 Qd8 26. d4 c4 27. b3 cxb3
28. axb3 Qc7 29. Re3 Rb8 30. Qa2 Qb6 31. Qa3 Qxb3 32. Qxa5 Be4 33. Qa6 Rb6 34.
Qc8+ Kh7 35. Kh2 Qd1 36. Nd7 Rb1 37. Nf8+ Kg8 38. Ng6+ Kh7 39. Nf8+ Kg8 40.
Rxe4 dxe4 41. Ng6+ Kh7 42. Ne7 Qh1+ 43. Kg3 h5 44. Qg8+ 1-0

[Event "4NCL/Div1/WGR vs. GUI1"]
[Site "Coventry ENG"]
[Date "2007.01.14"]
[Round "6.5"]
[White "Pein, Malcolm"]
[Black "Kosten, Anthony C"]
[Result "1/2-1/2"]
[WhiteElo "2401"]
[BlackElo "2534"]
[PlyCount "42"]
[EventDate "2007.01.14"]
[EventType "team"]
[EventRounds "11"]
[EventCountry "ENG"]
[WhiteTeam "Wood Green"]
[BlackTeam "Guildford-ADC 1"]

1. Nf3 Nf6 2. c4 c5 3. Nc3 Nc6 4. g3 g6 5. Bg2 Bg7 6. d4 cxd4 7. Nxd4 O-O 8.
Nc2 d6 9. O-O Be6 10. b3 Qd7 11. Bb2 Bh3 12. f3 Bxg2 13. Kxg2 Rfd8 14. e4 a6
15. Qe2 Rac8 16. Rfd1 b6 17. Ne3 e6 18. Rac1 Qb7 19. a4 Nd7 20. Na2 Nf6 21. Nc3
Nd7 1/2-1/2

[Event "4NCL/Div1/WGR vs. GUI1"]
[Site "Coventry ENG"]
[Date "2007.01.14"]
[Round "6.6"]
[White "King, Daniel J"]
[Black "Tiller, Bjorn"]
[Result "1/2-1/2"]
[WhiteElo "2528"]
[BlackElo "2371"]
[PlyCount "53"]
[EventDate "2007.01.14"]
[EventType "team"]
[EventRounds "11"]
[EventCountry "ENG"]
[WhiteTeam "Guildford-ADC 1"]
[BlackTeam "Wood Green"]

1. e4 g6 2. d4 Bg7 3. Nf3 d6 4. Bc4 a6 5. O-O b5 6. Bb3 e6 7. a4 Bb7 8. Qe2 Nd7
9. Bg5 Ne7 10. Nbd2 c6 11. c3 h6 12. Bh4 O-O 13. Rfd1 Nb6 14. e5 dxe5 15. dxe5
Qc7 16. Ne4 c5 17. axb5 axb5 18. Nd6 Nf5 19. Nxb7 Nxh4 20. Nxh4 Qxb7 21. Qxb5
Qc7 22. Nf3 c4 23. Bc2 Nd5 24. Be4 Rxa1 25. Rxa1 Rb8 26. Qa4 Bxe5 27. Bxd5
1/2-1/2

[Event "4NCL/Div1/WGR vs. GUI1"]
[Site "Coventry ENG"]
[Date "2007.01.14"]
[Round "6.7"]
[White "Woodward, Timothy"]
[Black "Shaw, John K"]
[Result "1/2-1/2"]
[WhiteElo "2331"]
[BlackElo "2447"]
[PlyCount "60"]
[EventDate "2007.01.14"]
[EventType "team"]
[EventRounds "11"]
[EventCountry "ENG"]
[WhiteTeam "Wood Green"]
[BlackTeam "Guildford-ADC 1"]

1. d4 d5 2. c4 c6 3. Nf3 Nf6 4. Nc3 dxc4 5. a4 Bf5 6. e3 e6 7. Bxc4 Bb4 8. O-O
O-O 9. Qe2 Bg6 10. Ne5 Nbd7 11. Nxg6 hxg6 12. Rd1 Qa5 13. Na2 Be7 14. e4 Qh5
15. Qxh5 gxh5 16. f3 e5 17. Be3 exd4 18. Bxd4 Bc5 19. b4 Bxd4+ 20. Rxd4 c5 21.
bxc5 Nxc5 22. e5 Nfd7 23. e6 fxe6 24. Rxd7 Nxd7 25. Bxe6+ Kh8 26. Bxd7 Rad8 27.
Bb5 a6 28. Bf1 Rf4 29. Nc3 Rb4 30. Kf2 h4 1/2-1/2

[Event "4NCL/Div1/WGR vs. GUI1"]
[Site "Coventry ENG"]
[Date "2007.01.14"]
[Round "6.8"]
[White "Ciuksyte, Dagne"]
[Black "Law, Andrew P"]
[Result "1/2-1/2"]
[WhiteElo "2450"]
[BlackElo "2303"]
[PlyCount "51"]
[EventDate "2007.01.14"]
[EventType "team"]
[EventRounds "11"]
[EventCountry "ENG"]
[WhiteTeam "Guildford-ADC 1"]
[BlackTeam "Wood Green"]

1. e4 e5 2. Nf3 Nc6 3. Bb5 a6 4. Ba4 Nf6 5. O-O Nxe4 6. d4 b5 7. Bb3 d5 8. dxe5
Be6 9. Nbd2 Be7 10. c3 O-O 11. Re1 Nc5 12. Bc2 d4 13. Nb3 dxc3 14. Nxc5 Qxd1
15. Rxd1 Bxc5 16. bxc3 Rad8 17. a4 Rxd1+ 18. Bxd1 h6 19. Be2 Rb8 20. h4 b4 21.
cxb4 Nxb4 22. Bd2 a5 23. Bc3 Rd8 24. Rd1 Rxd1+ 25. Bxd1 Nc6 26. Kf1 1/2-1/2

[Event "4NCL/Div1/BET vs. NWE1"]
[Site "Coventry ENG"]
[Date "2007.01.14"]
[Round "6.1"]
[White "Pert, Richard G"]
[Black "Hennigan, Michael T"]
[Result "1-0"]
[WhiteElo "2450"]
[BlackElo "2390"]
[PlyCount "59"]
[EventDate "2007.01.14"]
[EventType "team"]
[EventRounds "11"]
[EventCountry "ENG"]
[WhiteTeam "Betsson.com"]
[BlackTeam "N W Eagles 1"]

1. d4 Nf6 2. c4 g6 3. Nc3 Bg7 4. e4 d6 5. Nf3 O-O 6. Be2 e5 7. Be3 Ng4 8. Bg5
f6 9. Bc1 Nc6 10. d5 Ne7 11. h3 Nh6 12. h4 f5 13. h5 Nf7 14. hxg6 hxg6 15. Ng5
f4 16. Nxf7 Kxf7 17. Bd2 Rh8 18. Rg1 Ng8 19. Qc2 Nf6 20. O-O-O Rh2 21. g3 fxg3
22. Rxg3 Nh5 23. Bxh5 gxh5 24. Rdg1 Bf6 25. Qd1 Bd7 26. R3g2 Rxg2 27. Qxh5+ Kf8
28. Rxg2 Qe8 29. Qh6+ Ke7 30. Bg5 1-0

[Event "4NCL/Div1/BET vs. NWE1"]
[Site "Coventry ENG"]
[Date "2007.01.14"]
[Round "6.2"]
[White "Macak, Stefan"]
[Black "Hunt, Adam C"]
[Result "1/2-1/2"]
[WhiteElo "2373"]
[BlackElo "2461"]
[PlyCount "47"]
[EventDate "2007.01.14"]
[EventType "team"]
[EventRounds "11"]
[EventCountry "ENG"]
[WhiteTeam "N W Eagles 1"]
[BlackTeam "Betsson.com"]

1. e4 c5 2. Nf3 d6 3. d4 cxd4 4. Nxd4 Nf6 5. Nc3 a6 6. Bg5 e6 7. f4 Be7 8. Qf3
Qc7 9. O-O-O Nbd7 10. Bd3 b5 11. Rhe1 Bb7 12. Nd5 exd5 13. Nf5 Kf8 14. e5 dxe5
15. fxe5 Nxe5 16. Qe2 Nxd3+ 17. Rxd3 Bd8 18. Bh6 gxh6 19. Qd2 Ne4 20. Qxh6+ Ke8
21. Rxe4+ dxe4 22. Ng7+ Ke7 23. Nf5+ Ke8 24. Ng7+ 1/2-1/2

[Event "4NCL/Div1/BET vs. NWE1"]
[Site "Coventry ENG"]
[Date "2007.01.14"]
[Round "6.3"]
[White "Ansell, Simon"]
[Black "Quillan, Gary"]
[Result "0-1"]
[WhiteElo "2393"]
[BlackElo "2354"]
[PlyCount "108"]
[EventDate "2007.01.14"]
[EventType "team"]
[EventRounds "11"]
[EventCountry "ENG"]
[WhiteTeam "Betsson.com"]
[BlackTeam "N W Eagles 1"]

1. e4 e6 2. d3 d5 3. Nd2 Nf6 4. Ngf3 c5 5. g3 Nc6 6. Bg2 Be7 7. O-O O-O 8. Re1
b5 9. exd5 exd5 10. d4 Qb6 11. c3 cxd4 12. cxd4 Bf5 13. Nb3 Rfe8 14. Be3 Nb4
15. Nh4 Bc2 16. Qd2 Ne4 17. Bxe4 Bxe4 18. f3 Nc2 19. fxe4 Nxa1 20. Nxa1 Bxh4
21. gxh4 Rxe4 22. Bf2 Qg6+ 23. Bg3 Rxh4 24. Nc2 Re4 25. Ne3 Rae8 26. Ng2 Rxe1+
27. Nxe1 Qe4 28. Qd3 Qg4 29. Nf3 a6 30. Kf2 Qe6 31. a3 f6 32. Ng1 g5 33. Ne2
Kg7 34. Qf3 a5 35. Nc3 b4 36. axb4 axb4 37. Ne2 Qc6 38. h4 h6 39. Qf5 Re4 40.
h5 Qe8 41. Ng1 Rxd4 42. Nf3 Re4 43. Qxd5 Re2+ 44. Kf1 Rxb2 45. Nd4 Qc8 46. Nf5+
Kh8 47. Bf2 Rc2 48. Kg1 Rc1+ 49. Kh2 Qe8 50. Bd4 Rc2+ 51. Kg3 Qe1+ 52. Kg4 Qd1+
53. Kg3 Rc3+ 54. Kg2 Qd2+ 0-1

[Event "4NCL/Div1/BET vs. NWE1"]
[Site "Coventry ENG"]
[Date "2007.01.14"]
[Round "6.4"]
[White "Morrison, Graham"]
[Black "Webb, Laurence E"]
[Result "0-1"]
[WhiteElo "2335"]
[BlackElo "2309"]
[PlyCount "126"]
[EventDate "2007.01.14"]
[EventType "team"]
[EventRounds "11"]
[EventCountry "ENG"]
[WhiteTeam "N W Eagles 1"]
[BlackTeam "Betsson.com"]

1. Nf3 Nf6 2. c4 e6 3. Nc3 Bb4 4. Qc2 d6 5. g3 O-O 6. Bg2 e5 7. O-O c5 8. d3
Nc6 9. Bg5 h6 10. Bxf6 Qxf6 11. Nd5 Qd8 12. e3 Be6 13. Nd2 Bxd2 14. Qxd2 Ne7
15. b4 Rb8 16. Rfb1 b6 17. a4 Nxd5 18. cxd5 Bd7 19. bxc5 bxc5 20. d4 Rxb1+ 21.
Rxb1 exd4 22. exd4 c4 23. Qc3 Bxa4 24. Qxc4 Bd7 25. Bf1 Re8 26. Qa6 Bf5 27. Bd3
Bxd3 28. Qxd3 Qc7 29. Qa6 Rb8 30. Ra1 Rb7 31. Qc6 Qb8 32. Kg2 g6 33. Re1 Kf8
34. Qc1 Kg7 35. Qc6 Rb6 36. Qd7 Qa8 37. Kg1 a5 38. Qc7 Qb8 39. Qxb8 Rxb8 40.
Ra1 Rb5 41. Kf1 Rxd5 42. Ke2 Rb5 43. Ra2 Kf6 44. Kd3 d5 45. h4 Kf5 46. Ke3 Kg4
47. Ra3 f5 48. Ra1 g5 49. hxg5 hxg5 50. Ra2 Kh3 51. Kf3 Rb3+ 52. Ke2 Kg2 53. g4
f4 54. Rxa5 f3+ 55. Ke1 Re3+ 56. Kd2 Kxf2 57. Rxd5 Re4 58. Kd3 Rxg4 59. Rf5 Rg1
60. Ra5 g4 61. Ke4 Kg3 62. Ra3 Rd1 63. d5 Kg2 0-1